000
00322nam a2200157Ia 4500
100
_a
Yadav/S.K
650
_a
Graph theory
942
_c
BK
366
_f
25
245
_a
Elements of Graph theory
260
_b
Ane Books
_c
2010
082
_a
511.5
_b
YAD
300
_a
260
546
_a
ENGLISH
_c
Info.Tech
999
_c
29338
_d
29338